Statistics for Biggest Countries by Water Area

Click here to take the quiz!

General Stats

  • This quiz has been taken 107 times
  • The average score is 16 of 21

Answer Stats

AreaCountry% Correct
891,163Canada
100%
648,924United States
100%
270,550China
99%
720,500Russia
98%
314,073India
97%
55,352Brazil
97%
43,710Argentina
92%
58,459Australia
88%
93,000Indonesia
87%
77,810D.R. Congo
81%
25,200Kazakhstan
75%
34,330Finland
73%
39,960Sweden
72%
100,210Colombia
72%
116,600Iran
71%
61,500Tanzania
66%
30,300Venezuela
65%
25,220Pakistan
64%
104,300Ethiopia
47%
43,938Uganda
45%
24,800Chad
26%

Score Distribution

Percentile by Number Answered

Percent of People with Each Score

Your Score History

You have not taken this quiz